| 000 | 004550000a22001930004500 | ||
|---|---|---|---|
| 003 | LK-CoMWRAF | ||
| 008 | 230817t ||||| |||| 00| 0 eng d | ||
| 040 |
_aLK-CoMWRAF _dLK-CoMWRAF _eLK-CoMWRAF |
||
| 041 | _aeng | ||
| 082 |
_a100 _bBUH |
||
| 100 | _aBuhari, Saheehul | ||
| 245 |
_aNabikalarin Pon Molikal _b |
||
| 260 |
_aMadras _bRamath _c1997 |
||
| 300 | _ap.892 | ||
| 490 | _aVol.3 | ||
| 650 | _ahadhees | ||
| 650 | _arelegious book | ||
| 942 | _cBK | ||
| 999 |
_c2909 _d2909 |
||